Statistics for Daily Dose of Animal Crossing #1

Click here to take the quiz!

General Stats

  • This quiz has been taken 20 times
  • The average score is 8 of 15

Answer Stats

HintAnswer% Correct
What is the name of the famous musical dog in ACNH?KK Slider
100%
What is the maximum amount of Villagers allowed on your island?10
89%
What year was Animal Crossing New Horizons created?2020
89%
How many personality types are there in ACNH?8
89%
What is the name of the Ghost that appears on your island?Wisp
83%
How many Gorillas' are in Animal Crossing?12
78%
What species are The Able Sisters in ACNH?Hedgehog
72%
What species is Tom Nook?Tanuki
61%
What is the name of the Robot Frog in ACNH?Ribbot
56%
How many total Fish are in ACNH?80
33%
What Villager had a music video made after it?Ankha
33%
What is the in game name of the menu music in ACNH?Welcome Horizons
28%
How many fossils do you need to complete the museum?73
17%
Who composed the music for ACNH?Kazumi Totaka
11%
Who is the rarest villager in ACNH?Octavian
6%

Score Distribution

Percentile by Number Answered

Percent of People with Each Score

Your Score History

You have not taken this quiz